Appropriate food packaging solutions for developing countries. (Record no. 8613)
[ view plain ]
| 000 -LEADER | |
|---|---|
| fixed length control field | 00260nam a22001217a 4500 |
| 040 ## - CATALOGING SOURCE | |
| Transcribing agency | SY |
| 082 ## - DEWEY DECIMAL CLASSIFICATION NUMBER | |
| Classification number | 664 |
| 100 ## - MAIN ENTRY--AUTHOR NAME | |
| Personal name | NA |
| 245 ## - TITLE STATEMENT | |
| Title | Appropriate food packaging solutions for developing countries. |
| 260 ## - PUBLICATION, DISTRIBUTION, ETC. (IMPRINT) | |
| Place of publication | FAO |
| Name of publisher | NA |
| Year of publication | 2011 |
| 300 ## - PHYSICAL DESCRIPTION | |
| Number of Pages | 28p. |
| 942 ## - ADDED ENTRY ELEMENTS (KOHA) | |
| Koha item type | English Book |
| 952 ## - LOCATION AND ITEM INFORMATION (KOHA) | |
| Withdrawn status [LOCAL, KOHA] | 0 |
| Permanent Location | Date acquired | Koha item type | Lost status | Shelving location | Barcode | Current Location | Full call number |
|---|---|---|---|---|---|---|---|
| Library Block C | 2016-08-08 | English Book | C255 | RUA045737 | Library Block C | 664 FAO 2011 C255 |